Statistics for Municipalities of Gifu Prefecture

Click here to take the quiz!

General Stats

  • This quiz has been taken 78 times
  • The average score is 24 of 42

Answers on the Map

Answers color-coded by a green-red scale on the quiz's map according to % correct below.
 

Answer Stats

Answer% Correct
Gifu 岐阜
100%
Mino 美濃
84%
Takayama 高山
84%
Hida 飛騨
81%
Ogaki 大垣
81%
Kakamigahara 各務原
77%
Kani 可児
74%
Shirakawa 白川
74%
Shirakawa 白川
74%
Gero 下呂
68%
Hashima 羽島
68%
Seki 関
68%
Tajimi 多治見
68%
Nakatsugawa 中津川
65%
Yoro 養老
61%
Ena 恵那
58%
Gujo 郡上
58%
Toki 土岐
58%
Yaotsu 八百津
58%
Minokamo 美濃加茂
55%
Motosu 本巣
55%
Sekigahara 関ケ原
55%
Mizunami 瑞波
52%
Anpachi 安八
48%
Kaizu 海津
48%
Ginan 岐南
45%
Ibigawa 揖斐川
45%
Mizuho 瑞穂
45%
Yamagata 山県
45%
Ikeda 池田
42%
Kasamatsu 笠松
42%
Mitake 御嵩
42%
Ono 大野
42%
Sakahogi 坂祝
42%
Godo 神戸
39%
Hichiso 七宗
39%
Higashishirakawa 東白川
39%
Kitagata 北方
39%
Tarui 垂井
39%
Wanouchi 輪之内
39%
Kawabe 川辺
35%
Tomika 富加
35%

Score Distribution

Percentile by Number Answered

Percent of People with Each Score

Your Score History

You have not taken this quiz